| 000 | 00797nmc a2200301 a 4500 | ||
|---|---|---|---|
| 003 | AR-BaBNM | ||
| 005 | 20251128203722.0 | ||
| 008 | 256119s1953 ||||||||||||||000 | spa|| | ||
| 040 | _cAR-BaBNM | ||
| 100 | 1 | _aGómez de la Serna, Ramón | |
| 245 | 1 | 0 |
_aEdgar Poe _bel genio de América |
| 260 |
_aBuenos Aires _bLosada _c1953 |
||
| 300 | 0 | _a170 p. | |
| 490 | 0 | _aBiblioteca contemporánea | |
| 600 | 1 | 4 | _aBaudelaire, Charles Pierre |
| 600 | 1 | 4 | _aPoe, Edgar Allan |
| 650 | 4 | _aCUENTO [FORMA Y GENERO LITERARIO] | |
| 650 | 4 | _aCRITICA LITERARIA | |
| 650 | 4 | _aLITERATURA ESTADOUNIDENSE | |
| 650 | 4 | _aROMANTICISMO | |
| 650 | 4 | _aESCRITORES | |
| 650 | 4 | _aBIOGRAFIAS | |
| 653 | _aPRECEPTIVA LITERARIA | ||
| 653 | 0 | _aNARRATIVA | |
| 655 | _aLITERATURA | ||
| 942 | _cBK | ||
| 998 | _cMARTIN | ||
| 999 |
_c4623 _d4623 |
||